Statystyki dla Taco Hemingway - wszystkie piosenki

Kliknij tutaj aby rozwiązać quiz!

Ogólne statystyki

  • Ten quiz został rozwiązany 118 razy
  • Średni wynik to 89 z 166

Statystyki odpowiedzi

AlbumPiosenka% Poprawnych
MarmurMarmur
88%
Café BelgaCafé Belga
86%
Trójkąt WarszawskiSzlugi I Kalafiory
86%
Tamagotchi
84%
W PIĄTKI LEŻE W WANNIE
84%
8 kobiet
83%
Marsz, Marsz
83%
Następna stacja
83%
Trójkąt
83%
Gelato
82%
SzprycerNostalgia
82%
Polskie Tango
82%
6 zer
81%
Europa
81%
Żyrandol
81%
Deszcz na betonie (?)
80%
Mgła II (Mowisz, Masz)
80%
WoskWosk
80%
Krwawa jesień
78%
Makarena Freestyle
78%
Mięso
78%
Mix sałat
78%
1-800-Oświecenie
77%
Białkoholicy
77%
Mgła I (Siwe włosy)
76%
Cichosza
75%
POCZTÓWKA Z WWA, LATO '19CZŁOWIEK Z DZIURĄ ZAMIAST KRTANI
75%
Fiji
75%
Awizo
73%
Kryptowaluty
73%
(Przerywnik)
73%
ZTM
73%
900729
72%
Wiatr
72%
Soma 0,5 mgIntro
71%
Chodź
70%
Eineceiwśo 008-1
70%
KABRIOLETY
70%
Świat Jest WFem
70%
Tlen
70%
Wszystko Jedno
70%
PIN
69%
Mleko i miód
67%
Nametag
67%
Niedziela
67%
Pakiet Platinium
67%
Świecące prostokąty
67%
TIJUANA
67%
100 kmh
66%
+4822
66%
Dele
66%
Karimata (Mute)
66%
EuropaLuxembourg
66%
Nóż
66%
ANTYSMOGOWA MASKA W MOIM CARRY-ON BAGGAGE
65%
Całe lata
65%
515
64%
Ekodiesel
64%
Metallica 808
64%
Outro
64%
SANATORIUM
64%
Soma
64%
Tsunami blond
64%
Art-B
63%
Grubo-chude psy
63%
JarmarkŁańcuch I: Kiosk
63%
1000 dni freestyle
61%
ALERT RCB
61%
A mówiłem Ci
60%
FlageyBakayoko
60%
LECI NOWY FUTURE
60%
Pokédex
60%
Ściany mają uszy
60%
Umowa o dziełoOd zera
59%
W.N.P.
59%
Żywot
59%
Czarna kawa czeka
58%
Motorola
58%
Reżyseria: Kubrick
58%
Visa
58%
WUJEK DOBRA RADA
58%
WWA VHS
58%
35
57%
4 AM in Girona
57%
Codziennie
57%
Koła
57%
Łańcuch II: Korek
57%
2031
55%
Dwuzłotówki Dancing
55%
Main Stage Freestyle
55%
Może to coś zmieni?
55%
To by było na tyle
55%
WWA NIE Berlin
55%
Adieu
54%
Italodisco
54%
Sectumsempra
54%
Anja
53%
Ortalion
53%
Sztylet
53%
Wszystko na niby
53%
Michael Essien Birthday Party
52%
Panie, to Wyście!
52%
Grand Prix
51%
I.S.W.T
51%
Łańcuch III: Korpo
51%
Modigliani
51%
Moje demony uciekły na urlop
51%
Saldo '07
51%
Ślepe Sumy
51%
Abonent jest czasowo niedostępny
49%
Giro d’Italia
49%
0,25 mgLeonardo
49%
Na Paryskie Getto Pada Deszcz
49%
POL Smoke
49%
Toskania Outro
49%
Wiem
49%
Influenza
48%
Nie mam czasu
48%
1990s Utopia
47%
8 kobiet (Remix)
47%
BXL
47%
Szczerze
47%
Tamagotchi (Remix)
47%
C3PO
46%
Głupi byt
46%
Pireneje
46%
WYTRAWNE (Z NUTĄ DESPERACJI)
46%
Big Pharma
42%
Szczękościsk
42%
Nie Ufam Sobie Sam
41%
Pieniądz I Terror
41%
VISA (Remix)
36%
Benevento
35%
Ekodiesel (Remix)
35%
TLC
35%
(bonus)WIELKI GATSBY Z BENZYNOWEJ STACJI
35%
Luck
34%
(bonus)ALGORYTM
33%
(bonus)Sznycel
33%
(bonus)GBP Freestyle
31%
1-800-OświecenieWielkomiejska bezsenność
29%
Wiem (Remix)
29%
Young HemsFuck Your List
23%
Listening To Arctic Monkeys
20%
Off/on
20%
22
17%
Chewbacca
17%
Blueberries
16%
————Tunarzywo
16%
Halle Berry
12%
Bonfire (Remix)
10%
Who Killed JFKNevermore
10%
Normal Man/Pop Vulture
10%
Redwinebeer
10%
Such a Pretty Child
10%
Twenty Two
10%
Krusty's Children
8%
Booze to Glug
7%
Brilliant
7%
Fake Tits/Ghosts
7%
Stormtrooper with Horns
7%
Gods, Mammals, Birds
6%
Larry David Flow
6%
Not Like Hov
6%
Odd Mamal
6%
Twists
6%

Rozkład punktacji

Percentyl według liczby udzielonych odpowiedzi

Procent ludzi z każdym wynikiem

Twoja historia wyników

Nie rozwiązałeś tego quizu